000 00474nam a2200169Ia 4500
008 230524s9999 xx 000 0 und d
082 _a241.644
_bGYG
100 _aCraig Gygi
_935605
245 0 _aSix Sigma for Dummies (A Reference for the Rest of Us)
250 _a1ST
260 _aNEW DELHI
_bJ.Wiley
_c2006
300 _aX;344
500 _aQuantity Number: 1
650 _aMiscellaneous
_91877
700 _a" Neil DeCarlo ,Bruce Williams,,,"
_935606
942 _cBK
999 _c49333
_d49333